| 000 | 00436nam a22001577a 4500 | ||
|---|---|---|---|
| 005 | 20240219193446.0 | ||
| 008 | 240219b |||||||| |||| 00| 0 eng d | ||
| 020 | _a9780323392280: | ||
| 245 |
_aNetter's Head and Neck Anatomy for Dentistry:/ _cNorton,Neil S. |
||
| 250 | _a3rd ed. | ||
| 260 |
_aIndia: _bElsevier, _c2017. |
||
| 300 |
_aix 698 p: _bill, _c23 cm. |
||
| 505 | _aInclude Index. | ||
| 650 | _aMedical/Dentistry | ||
| 999 |
_c35159 _d35159 |
||